ပြည်တွင်းသောင်းကျန်းမှုသမိုင်း အပိုင်း(၄) / (Record no. 27068)

000 -LEADER
fixed length control field 00918nam a22001817a 4500
005 - DATE AND TIME OF LATEST TRANSACTION
control field 20260124092314.0
008 - FIXED-LENGTH DATA ELEMENTS--GENERAL INFORMATION
fixed length control field 230712b ||||| |||| 00| 0 eng d
040 ## - CATALOGING SOURCE
Transcribing agency SSBUL
Modifying agency SSBUL
082 ## - DEWEY DECIMAL CLASSIFICATION NUMBER
Edition number 23
Classification number ၉၅၉.၁ ပြည် ၁၆၁၄၂ (S-SAT)
245 ## - TITLE STATEMENT
Title ပြည်တွင်းသောင်းကျန်းမှုသမိုင်း အပိုင်း(၄) /
250 ## - EDITION STATEMENT
Edition statement ဒုတိယအကြိမ်။
260 ## - PUBLICATION, DISTRIBUTION, ETC.
Place of publication, distribution, etc. ရန်ကုန်၊
Name of publisher, distributor, etc. ကြေးမုံသတင်းစာ၊
Date of publication, distribution, etc. ၁၉၉၁။
300 ## - PHYSICAL DESCRIPTION
Extent ၁၈၆ စာမျက်နှာ၊
Other physical details ဓာတ်ပုံများ၊
Dimensions ၂၃ စင်တီ။
500 ## - GENERAL NOTE
General note S-SAT: Dr. Prof Sai Aung Tun
650 ## - SUBJECT ADDED ENTRY--TOPICAL TERM
Topical term or geographic name entry element နိင်ငံရေးပါတီ
Geographic subdivision မြန်မာနိုင်ငံ။
9 (RLIN) 27803
651 ## - SUBJECT ADDED ENTRY--GEOGRAPHIC NAME
Geographic name မြန်မာနိုင်ငံ
General subdivision သမိုင်း။
9 (RLIN) 6190
942 ## - ADDED ENTRY ELEMENTS (KOHA)
Source of classification or shelving scheme
Koha item type Book (Short term)
Holdings
Withdrawn status Lost status Source of classification or shelving scheme Damaged status Not for loan Collection code Permanent Location Current Location Shelving location Date acquired Total Checkouts Full call number Barcode Date last seen Price effective from Koha item type Accession
          Special Collections Shan State Buddhist University Library Shan State Buddhist University Library Special Collection Shelves 12/07/2023   ၉၅၉.၁ ပြည် ၁၆၁၄၂ (S-SAT) MB00016142 12/07/2023 12/07/2023 Book (Short term) ၁၆၁၄၂ (S-SAT)

Library - 09407999929
Admin Office - 09407999979
Dean Office - 09250910768
Registrar Office - 09892297154
Email - [email protected]
Shan State Buddhist University, Phaya Phyu Taunggyi, Shan State, Myanmar.